| 000 | 00743cam a22002414a 4500 | ||
|---|---|---|---|
| 008 | |||
| 020 | _a0521782414 (hbk.) | ||
| 020 | _a0521787513 (pbk.) | ||
| 049 | _aMAIN | ||
| 090 | 0 |
_aQC20 _bSNI |
|
| 100 | 1 | _aSnieder, Roel. | |
| 245 | 1 | 2 |
_aA guided tour of mathematical methods for the physical sciences / _cRoel Snieder. |
| 260 |
_aCambridge ; _aNew York : _bCambridge University Press, _c2001. |
||
| 300 |
_axi, 429 p. : _bill. ; _c26 cm. |
||
| 504 | _aIncludes bibliographical references. | ||
| 500 | _aIncludes index. | ||
| 650 | 0 | _aMathematical physics. | |
| 907 |
_a.b10215864 _b21-03-12 _c28-09-06 |
||
| 003 | |||
| 005 | 20230123134251.0 | ||
| 040 | _cNUST | ||
| 942 |
_cBOOKS _kQC20 _mSNI |
||
| 999 |
_c162951 _d162951 |
||